| 000 | 00378nam a22001217a 4500 | ||
|---|---|---|---|
| 999 |
_c2247 _d2247 |
||
| 005 | 20200910150737.0 | ||
| 008 | 200910b ||||| |||| 00| 0 eng d | ||
| 020 | _a0153012382 | ||
| 040 | _cCML | ||
| 245 |
_aTreasury of Literature. _cFarr, R.C. |
||
| 260 |
_aUnited Staes of America. _bBantam Doubleday Dell Publishing Group Inc _c1995 |
||
| 942 |
_2ddc _cBK _e1st Edition _hREF _mFAR |
||